¿Qué es el federalismo? / (Record no. 118203)

MARC details
000 -LEADER
campo de control de longitud fija 01624cam a22003733 4500
001 - NÚMERO DE CONTROL
campo de control FRBNF450811600000000
003 - IDENTIFICADOR DE NÚMERO DE CONTROL
campo de control BJBSDDR
005 - FECHA Y HORA DE LA ÚLTIMA TRANSACCIÓN
campo de control 20230411090902.0
006 - CÓDIGOS DE INFORMACIÓN DE LONGITUD FIJA--CARACTERÍSTICAS DEL MATERIAL ADICIONAL
campo de control de longitud fija a|||||r|||| 00| 0
007 - CAMPO FIJO DE DESCRIPCIÓN FÍSICA--INFORMACIÓN GENERAL
campo de control de longitud fija ta
008 - DATOS DE LONGITUD FIJA--INFORMACIÓN GENERAL
campo de control de longitud fija 231122s2016 sp ||||| |||| 00| 0 spa d
020 ## - NÚMERO INTERNACIONAL ESTÁNDAR DEL LIBRO
Número Internacional Estándar del Libro 9788490971437
020 ## - NÚMERO INTERNACIONAL ESTÁNDAR DEL LIBRO
Número Internacional Estándar del Libro 8490971439
035 ## - NÚMERO DE CONTROL DEL SISTEMA
Número de control de sistema OCoLC950467978
040 ## - FUENTE DE CATALOGACIÓN
Lengua de catalogación eng
Centro/agencia transcriptor BJBSDDR
041 ## - CÓDIGO DE IDIOMA
Código de lengua del texto/banda sonora o título independiente spa
050 14 - SIGNATURA TOPOGRÁFICA DE LA BIBLIOTECA DEL CONGRESO
Número de clasificación JN 8231
Número de ítem C199q 2016
100 1# - ENTRADA PRINCIPAL--NOMBRE DE PERSONA
Nombre de persona Camps Cervera, Victoria,
Fechas asociadas al nombre 1941-
9 (RLIN) 26481
245 11 - MENCIÓN DEL TÍTULO
Título ¿Qué es el federalismo? /
Mención de responsabilidad, etc. Victoria Camps, Joan Botella y Francesc Trillas.
260 ## - PUBLICACIÓN, DISTRIBUCIÓN, ETC.
Lugar de publicación, distribución, etc. Madrid :
Nombre del editor, distribuidor, etc. Los Libros de la Catarata,
Fecha de publicación, distribución, etc. 2016.
300 ## - DESCRIPCIÓN FÍSICA
Extensión 126 pages ;
Dimensiones 21 cm.
410 #0 - MENCIÓN DE SERIE/PUNTO DE ACCESO ADICIONAL--ENTIDAD CORPORATIVA [OBSOLETO, CAN/MARC], [LOCAL, USA]
Título de la obra Los Libros de la catarata
Número Internacional Normalizado para Publicaciones Seriadas 1695-0690
Designación de número de volumen o secuencia 580
490 1# - MENCIÓN DE SERIE
Mención de serie Mayor ;
Designación de volumen o secuencia 580
504 ## - NOTA DE BIBLIOGRAFÍA, ETC.
Nota de bibliografía, etc. Includes bibliographical references.
520 ## - RESUMEN, ETC.
Sumario, etc. "¿A qué nos referimos cuando hablamos de una España federal como algo deseable?. ¿Por qué las federaciones de Estados, de naciones o nacionalidades, responden más que ninguna otra organización política a las necesidades de un mundo globalizado?<br/>La filósofa Victoria Camps, junto con el politólogo Joan Botella y el economista Francesc Trillas argumentan en este ensayo las razones del federalismo y exponen de forma clara y rigurosa su concepto."
650 #4 - PUNTO DE ACCESO ADICIONAL DE MATERIA--TÉRMINO DE MATERIA
9 (RLIN) 7800
Término de materia o nombre geográfico como elemento de entrada Federalismo
Subdivisión geográfica España
650 #4 - PUNTO DE ACCESO ADICIONAL DE MATERIA--TÉRMINO DE MATERIA
9 (RLIN) 5845
Término de materia o nombre geográfico como elemento de entrada Gobierno federal
Subdivisión geográfica España
651 #4 - PUNTO DE ACCESO ADICIONAL DE MATERIA--NOMBRE GEOGRÁFICO
9 (RLIN) 3536
Nombre geográfico España
Subdivisión general Política y gobierno
700 1# - ENTRADA AGREGADA--NOMBRE PERSONAL
Nombre de persona Botella Corral, Juan
9 (RLIN) 26484
700 1# - ENTRADA AGREGADA--NOMBRE PERSONAL
Nombre de persona Trillas Jané, Francesc
9 (RLIN) 26485
830 #0 - PUNTO DE ACCESO ADICIONAL DE SERIE-TÍTULO UNIFORME
9 (RLIN) 8479
Título uniforme Los Libros de la catarata ;
930 ## - EQUIVALENCIA O REFERENCIA CRUZADA-ENCABEZAMIENTO DE TÍTULO UNIFORME [LOCAL, CANADÁ]
Título uniforme 321.02 CAMP q
Fecha de la firma de un tratado N
942 ## - ELEMENTOS DE ENTRADA SECUNDARIOS (KOHA)
Fuente del sistema de clasificación o colocación Clasificación de Library of Congress
Tipo de ítem Koha Libro
Holdings
Estatus retirado Estado de pérdida Fuente del sistema de clasificación o colocación Estado de daño No para préstamo Colección Biblioteca de origen Biblioteca actual Ubicación en estantería Fecha de adquisición Signatura topográfica completa Código de barras Visto por última vez Copia número Tipo de ítem Koha
    Clasificación de Library of Congress     Ciencias Sociales Biblioteca Juan Bosch Biblioteca Juan Bosch Ciencias Sociales (3er. Piso) 23/11/2022 JN 8231 C199q 2016 00000165005 23/11/2022 1 Libro